000
00280 a2200121 4500
005
20250628180913.0
020
_a
9781847105684
100
_a
ACCA
245
_a
Financial Management
260
_a
Britain
_b
Kaplan
_c
2008
300
_a
xxviii,268p.:ill; Table
_c
29cm
942
_2
ddc
_c
BKS
999
_c
6152
_d
6152